[Event "Portoroz op"]
[Site "Portoroz"]
[Date "2003.05.03"]
[Round "9"]
[White "Fras, Bogdan"]
[Black "Sivec, Dejan"]
[Result "0-1"]
[WhiteElo "1850"]
[BlackElo "1940"]
[PlyCount "60"]
[EventDate "2003.04.??"]
[EventType "swiss"]
[EventRounds "9"]
[EventCountry "SLO"]
[SourceTitle "EXT 2005"]
[Source "ChessBase"]
[SourceDate "2004.11.15"]
[SourceVersion "1"]
[SourceVersionDate "2004.11.15"]
[SourceQuality "1"]

1. e4 c5 2. f4 d6 3. Nf3 e6 4. d3 Nc6 5. Be3 Qc7 6. Nc3 a6 7. Be2 Nf6 8. 0-0 b5 9. a3 Bb7 10. Nd2 Nd4 11. Bxd4 cxd4 12. Ncb1 e5 13. c4 dxc3 14. Nxc3 Be7 15. Rc1 Rc8 16. Qb3 Qb6+ 17. Kh1 0-0 18. a4 exf4 19. axb5 Rb8 20. Nc4 Qd4 21. b6 d5 22. exd5 Nxd5 23. Nxd5 Bxd5 24. Qa4 Bxc4 25. Rxc4 Qxb2 26. Rc2 Qxb6 27. Qxf4 a5 28. Rfc1 h6 29. Bh5 Bg5 30. Bxf7+ Kh8 0-1

[Event "Portoroz op"]
[Site "Portoroz"]
[Date "2003.05.01"]
[Round "7"]
[White "Kavcic, Zan"]
[Black "Fras, Bogdan"]
[Result "1/2-1/2"]
[WhiteElo "2085"]
[BlackElo "1850"]
[PlyCount "52"]
[EventDate "2003.04.??"]
[EventType "swiss"]
[EventRounds "9"]
[EventCountry "SLO"]
[SourceTitle "EXT 2005"]
[Source "ChessBase"]
[SourceDate "2004.11.15"]
[SourceVersion "1"]
[SourceVersionDate "2004.11.15"]
[SourceQuality "1"]

1. e4 c5 2. Nf3 Nc6 3. d4 cxd4 4. Nxd4 e6 5. Nc3 a6 6. Be3 Bb4 7. Nxc6 bxc6 8. Qd4 Bf8 9. Be2 Nf6 10. 0-0 Be7 11. f4 0-0 12. e5 Nd5 13. Ne4 f5 14. Nd6 Bxd6 15. exd6 Nxe3 16. Qxe3 Rf6 17. c4 a5 18. Qa3 Ba6 19. Rfc1 Rh6 20. g3 Rb8 21. Rc3 Rb4 22. Rac1 c5 23. Bf3 Qb6 24. R1c2 Rf6 25. b3 Rf8 26. Rd2 Rb8 1/2-1/2

[Event "Portoroz op"]
[Site "Portoroz"]
[Date "2003.04.30"]
[Round "6"]
[White "Fras, Bogdan"]
[Black "Omerzel, Nikola"]
[Result "1-0"]
[WhiteElo "1850"]
[BlackElo "1500"]
[PlyCount "41"]
[EventDate "2003.04.??"]
[EventType "swiss"]
[EventRounds "9"]
[EventCountry "SLO"]
[SourceTitle "EXT 2005"]
[Source "ChessBase"]
[SourceDate "2004.11.15"]
[SourceVersion "1"]
[SourceVersionDate "2004.11.15"]
[SourceQuality "1"]

1. e4 c6 2. f4 e5 3. Nf3 exf4 4. d4 d5 5. e5 Bg4 6. Bxf4 Be7 7. Bd3 Qb6 8. 0-0 Bxf3 9. Qxf3 Nd7 10. e6 0-0-0 11. exd7+ Rxd7 12. Bf5 Qxd4+ 13. Be3 Qxb2 14. Bxd7+ Kxd7 15. Qf5+ Kd8 16. Bxa7 Nf6 17. Nd2 Kc7 18. Rab1 Qxa2 19. Bb6+ Kb8 20. Qe5+ Ka8 21. Ra1 1-0